The Atlantic telegraph (1865)

Zapisane w:
Opis bibliograficzny
1. autor: Russell, W. H.
Format: Książka
Język:Undetermined
Wydane: Great Britain David & Charles Reprints 1865
Hasła przedmiotowe:
Etykiety: Dodaj etykietę
Nie ma etykietki, Dołącz pierwszą etykiete!
Thư viện lưu trữ: Trung tâm Học liệu Trường Đại học Cần Thơ
LEADER 00499nam a2200193Ia 4500
001 CTU_86649
008 210402s9999 xx 000 0 und d
082 |a 384.1 
082 |b R961 
100 |a Russell, W. H. 
245 4 |a The Atlantic telegraph (1865) 
245 0 |c W. H. Russell 
260 |a Great Britain 
260 |b David & Charles Reprints 
260 |c 1865 
650 |a Telegraph 
650 |z Atlantic 
904 |i Năm 
980 |a Trung tâm Học liệu Trường Đại học Cần Thơ